banner-ar

LE GUIDE DU CINEMA MONDIAL: TOME 1. 1895 - 1967, TOME 2: 1968 A NOS JAURS / (Record no. 16275)

MARC details
000 -الفاتح
حقل البيانات ثابتة الطول 00457nam a2200169Ia 4500
008 - عناصر البيانات ثابتة الطول - معلومات عامة
حقل البيانات ثابتة الطول 140319s9999 xx 000 0 eng d
040 ## - مصدر الفهرسة
وكالة الفهرسة الأصلية GCL /
وكالة النسخ GCL
082 04 - رقم تصنيف ديوى العشرى
رقم التصنيف 791.437
رقم المادة H G
100 1# - المدخل الرئيسى - إسم شخصى
الإسم الشخصى HAUSTRAT, G
245 10 - بيان العنوان
العنوان LE GUIDE DU CINEMA MONDIAL: TOME 1. 1895 - 1967, TOME 2: 1968 A NOS JAURS /
بيان المسئوليه,etc HAUSTRAT, G
260 ## - PUBLICATION, DISTRIBUTION, ETC. (IMPRINT)
تاريخ النشر أو التوزيع 1997
300 ## - الوصف المادى
التعداد 487 P
650 04 - المدخل الاضافى بالموضوع-مصطلح موضوعى
مصطلح موضوعي MOTION PICTURES
650 04 - المدخل الاضافى بالموضوع-مصطلح موضوعى
مصطلح موضوعي FILMS
942 ## - عناصر المدخل الإضافي( كوها)
مصدر التصنيف او مخطط الترفيف Dewey Decimal Classification
Koha [default] item type كتاب
260 ## - PUBLICATION, DISTRIBUTION, ETC. (IMPRINT)
-- [S.N] :
-- SYROS ،
Holdings
حالة التراجع حالة الفقد حالة تلف ليس للاعارة المكان المؤقت الموقع الحالى تاريخ الاكتساب اجمالي اﻻعارات رقم الطلب الباركود تاريخ اخر مشاهدة تاريخ تفعيل السعر نوع وعاء كوها
        مكتبة القاهرة الكبرى مكتبة القاهرة الكبرى 03/26/2014   791.437\H G 29669 03/26/2014 03/26/2014 كتاب
        مكتبة القاهرة الكبرى مكتبة القاهرة الكبرى 03/26/2014   791.437\H G 29670 03/26/2014 03/26/2014 كتاب

Powered By

EGPV